000 00952nam a2200265Ia 4500
003 OSt
005 20220923211220.0
006 a|||||r|||| 00| 0
007 ta
008 220922b |||||||| |||| 00| 0 hin d
020 _a9788126725045 (hbk)
_c495
024 _a285,034
037 _bBR8588, 15/03/2015, Rajkamal Prakashan Pvt. Ltd
_cTextual
040 _aARTS
_cARTS
_bhin
041 _2hin
_ahin
082 _aO155,6N52w,1, 152Q3
100 _aआपराद, आशा
_9159789
245 0 _aदर्द जो सहा मैंने
246 _aDarda jo sahā maianne
260 _aनयी दिल्ली
_b राजकमल प्रकाशन
_c2013
300 _a275पृ.
_ccm.
650 _aहिन्दी साहित्य
_9156264
942 _hO155,6N52w,1, 152Q3
_cTEXL
_2CC
999 _c297059
_d297059